| 000 | 00514nam a2200181 a 4500 | ||
|---|---|---|---|
| 001 | 9276 | ||
| 005 | 20180713193247.0 | ||
| 008 | 140415s1978 000 0 spa d | ||
| 041 | _aspa | ||
| 082 |
_a330.156 _bKUR |
||
| 100 | 1 | _aKURIHARA, KENNETH K. | |
| 245 | 1 | 0 | _aINTRODUCCION A LA DINAMICA KEYNESIANA |
| 260 |
_a[s.l.] : _bFONDO DE CULTURA ECONOMICA, _c1978 |
||
| 300 | _a255 | ||
| 490 | _aSECCION DE OBRAS DE ECONOMIA | ||
| 650 | 1 | 4 | _aECONOMIA KEYNESIANA |
| 700 | 1 |
_aROMERO, FRANCISCO _etr. |
|
| 999 |
_c9276 _d9276 |
||